| 000 -LEADER |
| fixed length control field |
03404cam a2200529 i 4500 |
| 001 - CONTROL NUMBER |
| control field |
cp9ktnhj956sh848 |
| 003 - CONTROL NUMBER IDENTIFIER |
| control field |
LIBRIS |
| 005 - DATE AND TIME OF LATEST TRANSACTION |
| control field |
20241031114248.0 |
| 008 - FIXED-LENGTH DATA ELEMENTS--GENERAL INFORMATION |
| fixed length control field |
191127s2019 gw ||||||b||||001 0|eng|c |
| 010 ## - LIBRARY OF CONGRESS CONTROL NUMBER |
| LC control number |
2018060905 |
| 020 ## - INTERNATIONAL STANDARD BOOK NUMBER |
| International Standard Book Number |
9783132409583 |
| Qualifying information |
h�ftad |
| 020 ## - INTERNATIONAL STANDARD BOOK NUMBER |
| Canceled/invalid ISBN |
9783132409590 (e-bok) |
| 035 ## - SYSTEM CONTROL NUMBER |
| System control number |
(OCoLC)on1126348501 |
| 035 ## - SYSTEM CONTROL NUMBER |
| System control number |
(ALMA)999496244903663 |
| 040 ## - CATALOGING SOURCE |
| Original cataloging agency |
Qm |
| Language of cataloging |
eng |
| Transcribing agency |
DLC |
| Modifying agency |
OCLCO |
| Description conventions |
i |
| -- |
rda |
| 041 1# - LANGUAGE CODE |
| Language code of text/sound track or separate title |
eng |
| Language code of original |
ger |
| 042 ## - AUTHENTICATION CODE |
| Authentication code |
pcc |
| 050 10 - LIBRARY OF CONGRESS CALL NUMBER |
| Classification number |
RC347 |
| Item number |
.D8813 2019 |
| 060 10 - NATIONAL LIBRARY OF MEDICINE CALL NUMBER |
| Classification number |
WL 141 |
| 080 ## - UNIVERSAL DECIMAL CLASSIFICATION NUMBER |
| Universal Decimal Classification number |
616.8 |
| Item number |
B-14 |
| 082 00 - DEWEY DECIMAL CLASSIFICATION NUMBER |
| Classification number |
616.804754 |
| Edition number |
23 |
| 084 ## - OTHER CLASSIFICATION NUMBER |
| Classification number |
Vef |
| Number source |
kssb/8 (machine generated) |
| 100 ## - MAIN ENTRY--PERSONAL NAME |
| Personal name |
Baehr, Mathias |
| 9 (RLIN) |
2 |
| 240 10 - UNIFORM TITLE |
| Uniform title |
Neurologisch-topishe Diagnostik. |
| Language of a work |
Engelska |
| 245 10 - TITLE STATEMENT |
| Title |
Topical diagnosis in neurology : |
| Remainder of title |
anatomy, physiology, signs, symptoms / |
| Statement of responsibility, etc. |
Mathias Baehr, Michael Frotscher. |
| 246 1# - VARYING FORM OF TITLE |
| Title proper/short title |
Duus' topical diagnosis in neurology |
| 250 ## - EDITION STATEMENT |
| Edition statement |
Sixth edition |
| 260 ## - PUBLICATION, DISTRIBUTION, ETC. |
| Place of publication, distribution, etc. |
New York |
| Name of publisher, distributor, etc. |
Thieme |
| Date of publication, distribution, etc. |
[2019] |
| 264 #1 - PRODUCTION, PUBLICATION, DISTRIBUTION, MANUFACTURE, AND COPYRIGHT NOTICE |
| Place of production, publication, distribution, manufacture |
Stuttgart : |
| Name of producer, publisher, distributor, manufacturer |
Thieme, |
| 264 #4 - PRODUCTION, PUBLICATION, DISTRIBUTION, MANUFACTURE, AND COPYRIGHT NOTICE |
| Date of production, publication, distribution, manufacture, or copyright notice |
�2019 |
| 300 ## - PHYSICAL DESCRIPTION |
| Extent |
xii, 319 pages |
| Other physical details |
illustrations (some color) |
| Dimensions |
24 cm |
| 336 ## - CONTENT TYPE |
| Content type term |
text |
| Content type code |
txt |
| Source |
rdacontent |
| 337 ## - MEDIA TYPE |
| Media type term |
unmediated |
| Media type code |
n |
| Source |
rdamedia |
| 338 ## - CARRIER TYPE |
| Carrier type term |
volume |
| Carrier type code |
nc |
| Source |
rdacarrier |
| 365 ## - TRADE PRICE |
| Price amount |
60.89 usd |
| 500 ## - GENERAL NOTE |
| General note |
Authorized translation of the 10th German edition published and copyrighted 2014 by Georg Thieme Verlag, Stuttgart. |
| 504 ## - BIBLIOGRAPHY, ETC. NOTE |
| Bibliography, etc. note |
Includes bibliographical references and index. |
| 520 ## - SUMMARY, ETC. |
| Summary, etc. |
"The sixth edition of Duus' classic Topical Diagnosis in Neurology builds on the clear, integrated presentation of anatomy, function, and disorders of the central nervous system that made it a success for almost over five decades, serving as a quick reference for practitioners and trainees alike. It elucidates the neuroanatomical pathways that lead to specific clinical syndromes, and demonstrates how comprehensive anatomical knowledge combined with a thorough neurological examination can help localize and categorize a lesion and arrive at a differential diagnosis. The time-tested logical, thematic structure with useful summaries, at the beginning of each chapter, and color-coded section headings enable readers to distinguish neuroanatomical from clinical material at a glance and enable efficient and time saving study. Features of the sixth edition: - New tables and clinical case examples - Improved descriptions of neuroanatomical/neurophysiological basics in the context of clinical symptoms - Twenty-three new illustrations, to a total of more than 400 illustrations - A wide range of study aids and clinical correlations that support the emphasis on integrative medicine in the current medical school curricula Topical Diagnosis in Neurology is an ideal reference for neurologists and neuroscientists who correlate neurological diseases with anatomical location to arrive at a diagnosis or understand a clinical syndrome. It is also an essential tool for trainees and advanced students who need a solid grounding in key neurofunctional relationships"-- |
| Assigning source |
Provided by publisher. |
| 650 12 - SUBJECT ADDED ENTRY--TOPICAL TERM |
| Topical term or geographic name entry element |
Nervous System Diseases |
| General subdivision |
diagnosis. |
| 650 10 - SUBJECT ADDED ENTRY--TOPICAL TERM |
| Topical term or geographic name entry element |
Neurology |
| 9 (RLIN) |
100 |
| 650 22 - SUBJECT ADDED ENTRY--TOPICAL TERM |
| Topical term or geographic name entry element |
Nervous System |
| General subdivision |
anatomy & histology. |
| 650 22 - SUBJECT ADDED ENTRY--TOPICAL TERM |
| Topical term or geographic name entry element |
Nervous System |
| General subdivision |
physiopathology. |
| 653 ## - INDEX TERM--UNCONTROLLED |
| Uncontrolled term |
ნევროლოგია |
| 653 ## - INDEX TERM--UNCONTROLLED |
| Uncontrolled term |
ნერვული სისტემა |
| 700 1# - ADDED ENTRY--PERSONAL NAME |
| Personal name |
Frotscher, M. |
| Fuller form of name |
(Michael), |
| Dates associated with a name |
1947-2017 |
| Relationship |
aut |
| 942 ## - ADDED ENTRY ELEMENTS (KOHA) |
| Source of classification or shelving scheme |
|
| Koha item type |
Books |
| Edition |
6 |